<?xml version="1.0" encoding="UTF-8"?>
<record
    xmlns:xsi="http://www.w3.org/2001/XMLSchema-instance"
    xsi:schemaLocation="http://www.loc.gov/MARC21/slim http://www.loc.gov/standards/marcxml/schema/MARC21slim.xsd"
    xmlns="http://www.loc.gov/MARC21/slim">

  <leader>02318nam a22003257i 4500</leader>
  <controlfield tag="003">DO-SdBNP</controlfield>
  <controlfield tag="005">20250428114956.0</controlfield>
  <controlfield tag="007">ta</controlfield>
  <controlfield tag="008">210217b2020    dr ac||| |||| 00| 0 spa d</controlfield>
  <datafield tag="040" ind1=" " ind2=" ">
    <subfield code="a">DO-SdBNP</subfield>
    <subfield code="b">spa</subfield>
    <subfield code="c">BNPHU</subfield>
    <subfield code="e">rda</subfield>
  </datafield>
  <datafield tag="082" ind1=" " ind2="4">
    <subfield code="a">920.72</subfield>
    <subfield code="b">T693m</subfield>
    <subfield code="2">22</subfield>
  </datafield>
  <datafield tag="100" ind1="1" ind2=" ">
    <subfield code="a">Torres Ulloa, Alfonso,</subfield>
    <subfield code="9">58620</subfield>
    <subfield code="e">autor</subfield>
  </datafield>
  <datafield tag="245" ind1="1" ind2="0">
    <subfield code="a">Mujeres de la ANPA /</subfield>
    <subfield code="c">Alfonso Torres Ulloa ; pr&#xF3;logo,  In&#xE9;s Amelia Brioso de Le&#xF3;n.</subfield>
  </datafield>
  <datafield tag="250" ind1=" " ind2=" ">
    <subfield code="a">Primera edici&#xF3;n</subfield>
  </datafield>
  <datafield tag="264" ind1=" " ind2="1">
    <subfield code="a">Santo Domingo : </subfield>
    <subfield code="b">Impresi&#xF3;n Leo Antillas, SRL</subfield>
    <subfield code="c">2020.</subfield>
  </datafield>
  <datafield tag="300" ind1=" " ind2=" ">
    <subfield code="a">244 p&#xE1;ginas :</subfield>
    <subfield code="b">ilustraciones, retratos ;</subfield>
    <subfield code="c">23 cm. </subfield>
  </datafield>
  <datafield tag="336" ind1=" " ind2=" ">
    <subfield code="2">rdacontent </subfield>
    <subfield code="a">texto</subfield>
    <subfield code="b">txt</subfield>
  </datafield>
  <datafield tag="337" ind1=" " ind2=" ">
    <subfield code="2">rdamedia </subfield>
    <subfield code="a">sin mediaci&#xF3;n</subfield>
    <subfield code="b">n</subfield>
  </datafield>
  <datafield tag="338" ind1=" " ind2=" ">
    <subfield code="2">rdacarrier </subfield>
    <subfield code="a">volumen</subfield>
    <subfield code="b">nc </subfield>
  </datafield>
  <datafield tag="500" ind1=" " ind2=" ">
    <subfield code="a">Incluye datos biogr&#xE1;ficos del autor en la contracubierta.</subfield>
  </datafield>
  <datafield tag="500" ind1=" " ind2=" ">
    <subfield code="a">Incluye referencias bibliogr&#xE1;ficas y notas al pie de las p&#xE1;ginas</subfield>
  </datafield>
  <datafield tag="505" ind1="0" ind2=" ">
    <subfield code="a">Presentaci&#xF3;n / Juan Marte Pe&#xF1;a, Pr&#xF3;logo / In&#xE9;s Amelia Brioso de Le&#xF3;n, Palabras del autor -- La participaci&#xF3;n de la mujer -- La situaci&#xF3;n de la mujer rural -- La participaci&#xF3;n de la mujer y la representaci&#xF3;n pol&#xED;tica, la cuota -- La participaci&#xF3;n de la mujer en la ANPA -- Desaf&#xED;os de la mujer en la ANPA --  Perfiles de mujeres de la ANPA -- Yokasta Soto Roa -- Ana Padilla -- In&#xE9;s Brioso -- Birmania Wagner -- Melidiana Vargas -- Teresita Ruiz Estrella -- Modesta Adames -- Margarita Cruz &#xC1;ngeles -- Mayra Feliz -- Dania Montes de Oca -- Celeste M&#xE9;ndez -- Kenia Vizca&#xED;no -- Carmen Luisa D&#xED;az Ferreira -- Milosi Espinosa -- Elena Cruz de la Cruz -- Casilda N&#xFA;&#xF1;ez -- Damiana Gonz&#xE1;lez -- Rafaela Miranda -- Yokasta Gal&#xE1;n -- Esmilda Est&#xE9;vez -- Ana Delia M&#xE9;ndez --  Magalis &#xC1;lvarez -- Luz Guillermina Caraballo -- Elida Jim&#xE9;nez Ulloa -- Demetria -Adela- Cedano -- Salom&#xE9; Pe&#xF1;a -- Ruth V&#xE1;squez -- Albania Carrrasco Sosa -- Marina de la Cruz -- Paula Rodr&#xED;guez -- Digna &#xC1;lvarez -- Celeste Herasme -- Mujeres colaboradoras en la ANPA -- D&#xED;a del Agr&#xF3;nomo Dominicano.</subfield>
  </datafield>
  <datafield tag="590" ind1=" " ind2=" ">
    <subfield code="a">Inventariado, 2021 /LP

</subfield>
  </datafield>
  <datafield tag="590" ind1=" " ind2=" ">
    <subfield code="a">La biblioteca posee 3 ejemplar autografiado por el autor.</subfield>
  </datafield>
  <datafield tag="650" ind1=" " ind2="4">
    <subfield code="a">Mujeres</subfield>
    <subfield code="9">13968</subfield>
    <subfield code="v">Biograf&#xED;a.</subfield>
  </datafield>
  <datafield tag="650" ind1=" " ind2="0">
    <subfield code="a">Mujeres en la agricultura</subfield>
    <subfield code="9">85910</subfield>
  </datafield>
  <datafield tag="700" ind1="1" ind2=" ">
    <subfield code="a">Brioso de Le&#xF3;n, In&#xE9;s Amelia, </subfield>
    <subfield code="e">pr&#xF3;logo </subfield>
    <subfield code="9">77811</subfield>
  </datafield>
  <datafield tag="910" ind1=" " ind2=" ">
    <subfield code="a">LP/ Validado. Control de Calidad/MAA</subfield>
  </datafield>
  <datafield tag="942" ind1=" " ind2=" ">
    <subfield code="2">ddc</subfield>
    <subfield code="c">LBS1</subfield>
  </datafield>
  <datafield tag="952" ind1=" " ind2=" ">
    <subfield code="0">0</subfield>
    <subfield code="1">0</subfield>
    <subfield code="2">ddc</subfield>
    <subfield code="5">1</subfield>
    <subfield code="7">0</subfield>
    <subfield code="8">PD</subfield>
    <subfield code="a">BNPHU</subfield>
    <subfield code="b">BNPHU</subfield>
    <subfield code="c">HD</subfield>
    <subfield code="d">2021-02-17</subfield>
    <subfield code="e">Dep&#xF3;sito Legal </subfield>
    <subfield code="l">0</subfield>
    <subfield code="o">BNPHU PD 920.72 T693m</subfield>
    <subfield code="p">2021-0235</subfield>
    <subfield code="r">2021-02-17</subfield>
    <subfield code="w">2021-02-17</subfield>
    <subfield code="y">LBS1</subfield>
  </datafield>
  <datafield tag="952" ind1=" " ind2=" ">
    <subfield code="0">0</subfield>
    <subfield code="1">0</subfield>
    <subfield code="2">ddc</subfield>
    <subfield code="5">1</subfield>
    <subfield code="7">0</subfield>
    <subfield code="8">PD</subfield>
    <subfield code="a">BNPHU</subfield>
    <subfield code="b">BNPHU</subfield>
    <subfield code="c">HD</subfield>
    <subfield code="d">2021-02-17</subfield>
    <subfield code="e">Dep&#xF3;sito Legal </subfield>
    <subfield code="l">0</subfield>
    <subfield code="o">BNPHU PD 920.72 T693m</subfield>
    <subfield code="p">2021-0236</subfield>
    <subfield code="r">2021-02-17</subfield>
    <subfield code="t">e. 2</subfield>
    <subfield code="w">2021-02-17</subfield>
    <subfield code="y">LBS1</subfield>
  </datafield>
  <datafield tag="952" ind1=" " ind2=" ">
    <subfield code="0">0</subfield>
    <subfield code="1">0</subfield>
    <subfield code="2">ddc</subfield>
    <subfield code="5">6</subfield>
    <subfield code="7">0</subfield>
    <subfield code="8">DS</subfield>
    <subfield code="a">BNPHU</subfield>
    <subfield code="b">BNPHU</subfield>
    <subfield code="c">HD</subfield>
    <subfield code="d">2021-02-17</subfield>
    <subfield code="e">Dep&#xF3;sito Legal </subfield>
    <subfield code="l">0</subfield>
    <subfield code="o">BNPHU DS 920.72 T693m</subfield>
    <subfield code="p">2021-0238</subfield>
    <subfield code="r">2021-02-17</subfield>
    <subfield code="t">e. 3</subfield>
    <subfield code="w">2021-02-17</subfield>
    <subfield code="y">LBS1</subfield>
  </datafield>
  <datafield tag="999" ind1=" " ind2=" ">
    <subfield code="c">49394</subfield>
    <subfield code="d">49394</subfield>
  </datafield>
</record>
